Samoa City Quiz - Statistics

General Stats
  • This quiz has been taken 12 times
  • The average score is 1 of 7
Answer Stats
City % Correct
Apia
100%
Vailele
22%
Siusega
11%
Vaitele
11%
Aleisa East
0%
Faleasiu
0%
Fale'ula
0%
No matching quizzes found
Score Distribution
Percent of People with Each Score
Percentile by Number Answered
Your Score History
You have not taken this quiz